| 000 | 00709nam a2200217 a 4500 | ||
|---|---|---|---|
| 001 | 26369 | ||
| 003 | CO-ViMGA | ||
| 008 | 141112s2004 ck r 000 u spa d | ||
| 020 | _a9802572691 | ||
| 040 |
_aCO-ViMGA _bspa _cCO-ViMGA |
||
| 090 | _aC PERc | ||
| 100 | 1 |
_aPérez Falcón, Marilyn _93489 |
|
| 245 | 1 | 0 |
_aCuí - cuí - cuidado! : _banimales al volante / _cMarilyn Pérez Falcón ; ilustraciones de María Elena Repiso |
| 260 |
_aCaracas : _bEkaré, _cc2002 |
||
| 300 | _a[23] p. : il. ; 20 cm | ||
| 490 | 0 | _aEl jardín de los niños | |
| 650 | 1 | 4 |
_aCuentos infantiles venezolanos - Siglo XX _93490 |
| 700 | 1 |
_aRepiso, María Elena, ilustrador il. _93491 |
|
| 917 | _a644 20050216 | ||
| 942 |
_2ddc _cBK |
||
| 999 |
_c9912 _d9912 |
||